| 000 | 00847nam a2200265Ia 4500 | ||
|---|---|---|---|
| 003 | OSt | ||
| 005 | 20220927120047.0 | ||
| 006 | a|||||r|||| 00| 0 | ||
| 007 | ta | ||
| 008 | 220926b |||||||| |||| 00| 0 eng d | ||
| 020 | _a9788171887194 | ||
| 024 | _a176133 | ||
| 037 | _cReference Collections | ||
| 040 |
_aRTL _cRTL _beng |
||
| 041 |
_2eng _aeng |
||
| 082 | _a"X:77.281.P, P9/GD" | ||
| 100 | _a"INDIA, PLANNING COMMISSION (Govt. of-)" | ||
| 110 | _a"INDIA, PLANNING COMMISSION (Govt. of-)" | ||
| 245 | 0 | _aDelhi development report | |
| 260 |
_aNew _b"Delhi,, Academic Foundation, " _c2009 |
||
| 300 |
_a435p _ccm. |
||
| 700 | _a"INDIA, PLANNING COMMISSION (Govt. of-)" | ||
| 942 |
_h"X:77.281.P, P9/GD" _cCC |
||
| 999 |
_c706956 _d706956 |
||